000 00552nam a2200217Ia 4500
008 210210b2006 xxu||||| |||| 00| 0 eng d
020 _a8122417205
041 _aeng
082 _a330 CAMA
100 _aCAMERER (Colin F)
245 _aAdvances in behavioral economics
260 _aNew Delhi
_bNew Age International (P) Limited, Publishers
_c2006
300 _axxvi,743
650 _ain
650 _aeconomics
650 _abehavioral
650 _aAdvances
690 _aEconomics
700 _aLOEWENSTEIN (George)
906 _a061923
999 _c115793
_d115793